000 00770nam a2200217 i 4500
001 109177
003 ES-MaACL
005 20250930063110.0
007 t|
008 061121s1935 sp r ||||1| spa d
100 1 _aMüller, Adam Heinrich,
_cRitter von Nitterdorf,
_d1779-1829
_9165913
245 1 0 _aElementos de política
_b: lecciones dadas en Dresden en el invierno de1808-1809 /
_cAdam Heinrich Mueller ; traducción del alemán por E. Imaz.
260 _aMadrid :
_bRevista de Occidente,
_c1935.
300 _aXIV, 304 p. ;
_c19 cm.
490 1 _aLibros del siglo XIX
650 7 _aPolítica
_2embne
_9140345
700 1 _aImaz, Eugenio.
_965203
830 1 _aLibros del siglo XIX
_9183531
852 _aES-MaACL
_jD-5272
999 _c109177
_d109177